Symbole wszystkich Parków Narodowych w Polsce – Quiz na mapie - Statystyki

Ogólne statystyki
  • Ten quiz został rozwiązany 118 razy
  • Średni wynik to 11 z 23
Odpowiedzi na mapie
Odpowiedzi zakodowano w zielono-czerwonej skali na mapie do tego quizu, zgodnie z poniższymi procentami.
 
Statystyki odpowiedzi
Odpowiedź % Poprawnych
Bóbr i Jezioro Wigry
79%
Żubr europejski
74%
Kozica tatrzańska
67%
Mewa
62%
Nietoperz
60%
Dzwonek karkonoski
i goryczka trójeściowa
57%
Łoś
57%
Trzy Korony
55%
Ryś
52%
Szczeliniec Wielki
52%
Batalion
45%
Błotniak stawowy
43%
Konik polski
43%
Bielik
40%
Gęś zbożowa
40%
Salamandra plamista
38%
Puszczyk
36%
Wydra
36%
Jeleń
33%
Żuraw
33%
Głuszec
26%
Okrzyn jeleni
26%
Orlik krzykliwy
26%
Nie znaleziono quizów pasujących do podanych kryteriów
Rozkład punktacji
Procent ludzi z każdym wynikiem
Percentyl według liczby udzielonych odpowiedzi
Twoja historia wyników
Nie rozwiązałeś tego quizu